000 00505nam a2200181Ia 4500
003 OSt
005 20260120115113.0
008 210210b1943 xxu||||| |||| 00| 0 eng d
040 _cAL
041 _aKannada
082 _a858/186
100 _aVENKATARAMAYYA (C K)
_9147098
_dವೆಂಕಟರಾಮಯ್ಯ (ಸಿಕೆ).
245 _aNanna Gurudeva 1:
_bನನ್ನ ಗುರುದೇವ 1
260 _aBengaluru
_b-
_c1943
690 _aBiography
_9147099
906 _a020729
942 _2ddc
_cBK
999 _c144883
_d144883